Os paulistas no Triangulo Mineiro (Record no. 109015)

MARC details
000 -LEADER
campo de control de longitud fija 00529nam a2200157 4500
001 - NÚMERO DE CONTROL
campo de control 109015
003 - IDENTIFICADOR DE NÚMERO DE CONTROL
campo de control ES-MaACL
005 - FECHA Y HORA DE LA ÚLTIMA TRANSACCIÓN
campo de control 20230906184747.0
007 - CAMPO FIJO DE DESCRIPCIÓN FÍSICA--INFORMACIÓN GENERAL
campo de control de longitud fija t|
008 - DATOS DE LONGITUD FIJA--INFORMACIÓN GENERAL
campo de control de longitud fija 061121s1936 po r ||||1| por d
100 1# - ENTRADA PRINCIPAL--NOMBRE DE PERSONA
Nombre de persona Moya, Salvador de.
9 (RLIN) 83962
245 10 - MENCIÓN DEL TÍTULO
Título Os paulistas no Triangulo Mineiro
Resto del título : Informaçâo prestada ao chefe do Estado-Maior no inquireto policial da Delegacia Regional de Uberaba /
Mención de responsabilidad, etc. Salvador de Moya.
260 ## - PUBLICACIÓN, DISTRIBUCIÓN, ETC.
Lugar de publicación, distribución, etc. Sâo Paulo :
Nombre del editor, distribuidor, etc. Joâo Bentivegna,
Fecha de publicación, distribución, etc. 1936.
300 ## - DESCRIPCIÓN FÍSICA
Extensión 2v.
852 ## - LOCALIZACIÓN
Ubicación ES-MaACL
Número de control de estantería 1820-F-16-17
Holdings
Estatus retirado Estado de pérdida Estado de daño No para préstamo Colección Biblioteca de origen Biblioteca actual Ubicación en estantería Fecha de adquisición Fuente de adquisición Total de préstamos Signatura topográfica completa Código de barras Visto por última vez Precio de reemplazo Tipo de ítem Koha
        Colección de folletos Biblioteca del Ateneo de Madrid Biblioteca del Ateneo de Madrid Depósito folletos 17/01/2008     1820-F-16-17 1113750 23/02/2023 23/02/2023 Folleto